It looks like you're offline.
Open Library logo
additional options menu

MARC Record from Scriblio

Record ID marc_records_scriblio_net/part15.dat:159031575:824
Source Scriblio
Download Link /show-records/marc_records_scriblio_net/part15.dat:159031575:824?format=raw

LEADER: 00824cam 22002777a 4500
001 2005297637
003 DLC
005 20050623095415.0
008 050503s2004 caua f 000 0 eng d
010 $a 2005297637
015 $aGBA489961$2bnb
016 7 $a013064606$2Uk
020 $a081184532X (hbk.)
035 $a(OCoLC)ocm57281333
040 $aUKM$cUKM$dC#P$dOCLCQ$dDLC
042 $alccopycat
043 $ae------
050 00 $aNC998.6.E87$bH45 2004
082 04 $a741.6094$222
100 1 $aHeller, Steven.
245 10 $aEuro deco :$bgraphic design between the wars /$cSteven Heller and Louise Fili.
260 $aSan Francisco, Calif. :$bChronicle,$cc2004.
300 $a500 p. :$bcol. ill. ;$c22 x 23 cm.
650 0 $aGraphic arts$zEurope.
650 0 $aDecoration and ornament$xArt deco.
700 1 $aFili, Louise.